Empezó en Babel : el descubrimiento de los pueblos /

Kaydedildi:
Detaylı Bibliyografya
Yazar: Wendt, Herbert (autor)
Materyal Türü: Kitap
Dil:İspanyolca
Baskı/Yayın Bilgisi: Barcelona, España : Noguer, 1961, c1961
Etiketler: Etiketle
Etiket eklenmemiş, İlk siz ekleyin!

MARC

LEADER 00000nam^a2200000^a^4500
001 000613997
005 20250521000000.0
009 20260310133632.67
037 |a Acervo Xavier Clavigero 
041 |a ESP 
091 |a FDU. 01332 
100 |a Wendt, Herbert  |e (autor) 
245 1 0 |a Empezó en Babel :  |b el descubrimiento de los pueblos / 
264 4 |a Barcelona, España :  |b Noguer,  |c 1961, c1961 
300 |a 620 p. 
336 |a texto  |b txt  |2 rdacontenido 
337 |a sin mediación  |b n  |2 rdamedio 
338 |a volumen  |b nc  |2 rdasoporte 
649 |a XX 
910 |a Fondo Víctor Raúl Durana Valerio S.J. 
920 |a Impresos - Libros 
930 |a Fondos Especiales 
905 |a 116 
901 |a 613997-10  |b IT2  |c ESP  |i D3666  |u 20250521 
902 |a https://opac.biblio.iteso.mx/vufind/Record/000613997